|
|
|
|
| LEADER |
00000ny a22000003n 4500 |
| 005 |
20110620150759.0 |
| 006 |
m u |
| 007 |
cr cn||||||||| |
| 008 |
200806r20072008sp |||||s|||||||||||spa d |
| 020 |
|
|
|a 9788476987759
|
| 035 |
|
|
|a 1982
|
| 040 |
|
|
|a FlNmELB
|c FlNmELB
|d vlex
|
| 050 |
1 |
4 |
|a K2205.6
|b O128 2007eb
|
| 080 |
|
|
|a 347.91/95
|
| 090 |
|
|
|c 1360
|d 1360
|
| 245 |
0 |
0 |
|a Objeto y carga de la prueba civil
|h [Recurso electrn̤ico]
|c directores, Xavier Abel Lluch, Joan Pic ̤i Junoy
|
| 256 |
|
|
|a Servicio en ln̕ea
|
| 260 |
|
|
|a Barcelona :
|b BOSCH EDITOR,
|c 2007
|
| 300 |
|
|
|a 9-443 p
|
| 506 |
1 |
|
|a Contenido solo disponible en los productos indicados
|d vLex Global
|d vLex Global (Academic Edition, excluding Law Schools)
|d vLex Global (U.S. Academic Edition, Law Schools)
|d vLex Global (U.S. Academic Edition, excluding Law Schools)
|d vLex Global (Academic Edition, Law Schools)
|
| 650 |
0 |
7 |
|a Procesal
|2 Tesauro vLex
|
| 650 |
0 |
7 |
|a Carga de la prueba
|2 Tesauro vLex
|
| 650 |
0 |
7 |
|a Prueba
|2 Tesauro vLex
|
| 650 |
0 |
7 |
|a Hechos litigiosos
|2 Tesauro vLex
|
| 740 |
0 |
|
|a vLex Libros (Servicios en ln̕ea)
|
| 856 |
4 |
0 |
|u http://vlex.com/source/1982
|z Acceso restringido
|
| 942 |
|
|
|c BOOK
|